| 000 | 00612nam a2200217 a 4500 | ||
|---|---|---|---|
| 001 | 19243 | ||
| 003 | CO-ViMGA | ||
| 008 | 141112s2004 ck r 000 u spa d | ||
| 020 | _a8476727003 | ||
| 040 |
_aCO-ViMGA _bspa _cCO-ViMGA |
||
| 082 | 0 | 4 | _a882.3 E874t |
| 100 | 1 |
_aEuripides, _927645 |
|
| 245 | 1 | 0 |
_aLas troyanas / _clas bacantes |
| 260 |
_aBarcelona : _bEdicomunicación; 1997 |
||
| 300 | _a125 p. | ||
| 490 | _aColección Fontana, clásicos universales, 100 | ||
| 590 | _aForma de adquisición : Premio Mincultura | ||
| 650 | 1 | 4 | _aTEATRO GRIEGO |
| 650 | 1 | 4 |
_aTRAGEDIA GRIEGA _97913 |
| 942 |
_2ddc _cBK |
||
| 999 |
_c28405 _d28405 |
||